O redesenho produtivo e social dos assentamentos rurais a partir das politicas públicas : o caso do programa de aquisição de alimentos (Registro n. 86416)
[ somente texto ]
| 000 -LÍDER | |
|---|---|
| fixed length control field | 02883nab a2200301 4500 |
| 003 - CÓDIGO MARC DA AGÊNCIA CATALOGADORA | |
| Campo de controle | BR-BrBNA |
| 005 - DATA E HORA DA ÚLTIMA ATUALIZAÇÃO | |
| Campo de controle | 20231006080259.0 |
| 008 - CAMPO DE TAMANHO FIXO | |
| fixed length control field | 231006b bl.||||| |||| 00| 0 por d |
| 040 ## - FONTE DA CATALOGAÇÃO | |
| Agência catalogadora | BR-BrBNA |
| Idioma da catalogação | por |
| 072 ## - CATEGORIA AGRIS | |
| Código AGRIS | E11 |
| 100 ## - ENTRADA PRINCIPAL - NOME PESSOAL | |
| Nome pessoal | Silva, Martha Esthela S. |
| 100 ## - ENTRADA PRINCIPAL - NOME PESSOAL | |
| Nome pessoal | Barone, Luis Antônio |
| 100 ## - ENTRADA PRINCIPAL - NOME PESSOAL | |
| Nome pessoal | Souza, José Gilberto de |
| 245 ## - TÍTULO PRINCIPAL | |
| Título principal | O redesenho produtivo e social dos assentamentos rurais a partir das politicas públicas : o caso do programa de aquisição de alimentos |
| 500 ## - NOTA GERAL | |
| Nota geral | Summaries (En, Pt); 18 ref. |
| 942 ## - ADDED ENTRY ELEMENTS (KOHA) | |
| Koha item type | |
| 520 ## - NOTA DE RESUMO | |
| Nota de conteúdo | Resumo: <br/>Este artigo faz uma análise sobre a atuação do Programa de Aquisição de Alimentos (PAA) no município de Presidente Venceslau (SP). O PAA é umapolítica pública que consiste na compra de produtos oriundos da agricultura familiar e doação à pessoas em situação de insegurança alimentar e para entidades sociais (creches, asilos, casa do menor, orfanatos e escolas). A análise permite considerar que o PAA tem estreitado as relações campo-cidade, à medida que os produtos agropecuários produzidos nos assentamentos de reforma agrárias e materializam no espaço urbano e são capazes de intervir diretamente na condição social de reprodução dos sujeitos, ao mesmo tempo que consolida as ações de assistência das instituições, aproximando uma dimensão produtiva do campo – com fundamento na reforma agrária – e a assistência social, comoestratégia de seguridade social. |
| 520 ## - NOTA DE RESUMO | |
| Nota de conteúdo | Abstract:<br/>The article makes an analysis on the performance of the Food Purchase Program (PAA) in the municipality of Presidente Venceslau (SP),e PAA is a public policy that is buying products from family farms and giving the people insecure food and social institutions (kindergartens,nursing homes, home of the minor, orphanages and schools). The analysis to suggest that the PAA has narrowed rural-urban relations, as the agricultural products produced in agrarian reform settlements materializein urban space and are able to directly intervene in the social condition of reproduction of the subject and at the same time consolidate actions to assist institutions, consolidating a connection between the productive dimension of the field as the basis of land reform and social welfare as a strategy for social security |
| 650 ## - ASSUNTO - THESAGRO | |
| Cabeçalho tópico ou nome geográfico | ASSSENTAMENTO RURAL |
| 650 ## - ASSUNTO - THESAGRO | |
| Cabeçalho tópico ou nome geográfico | POLITICAS PUBLICAS |
| 650 ## - ASSUNTO - THESAGRO | |
| Cabeçalho tópico ou nome geográfico | SEGURANÇA DE ALIMENTO |
| 650 ## - ASSUNTO - THESAGRO | |
| Cabeçalho tópico ou nome geográfico | AQUISIÇÃO DE ALIMENTO |
| 650 ## - ASSUNTO - THESAGRO | |
| Cabeçalho tópico ou nome geográfico | ASSISTENCIA SOCIAL |
| 650 ## - ASSUNTO - THESAGRO | |
| Cabeçalho tópico ou nome geográfico | REFORMA AGRÁRIA |
| 773 0# - ENTRADA ANALÍTICA | |
| Host Biblionumber | 9807 |
| Registro do item | 25564 |
| Imprenta | Araraquara, SP (Brasil) UNIARA. Nupedor 1994- |
| Outro identificador | 2023-436129 |
| Título | Retratos de Assentamentos (Brasil)/ |
| ISSN | 1516-8182 |
| Colação | v. 14(2) 2011 p. 229-248 |
| Número de controle de registro | BR2023001910 |
| 856 ## - ACESSO E ENDEREÇO ELETRÔNICO | |
| Identificador uniforme de recurso - URI | https://retratosdeassentamentos.com/index.php/retratos/article/view/102/90 |
Nenhum exemplar disponível.

BINAGRI